Statistics for German Verbs

Click here to take the quiz!

General Stats

  • This quiz has been taken 132 times
  • The average score is 17 of 25

Answer Stats

GermanEnglish% Correct
habenhave
97%
seinbe
95%
gehengo
93%
gebengive
92%
müssenmust / have to
92%
kommencome
90%
sagensay
90%
findenfind
89%
hörenhear
89%
sehensee
87%
wollenwant
81%
sollenshould
78%
stehenstand
75%
machendo
73%
lassenlet
67%
haltenhold
66%
zeigenshow
66%
erklärenexplain
60%
werdenbecome
59%
liegenlie
54%
erhaltenget
45%
könnenbe able
26%
heissenbe called
15%
bleibenremain
12%
geltenbe true
3%

Score Distribution

Percentile by Number Answered

Percent of People with Each Score

Your Score History

You have not taken this quiz